市から都道府県(あ~す) - Statistics

General Stats
  • This quiz has been taken 1,567 times
  • The average score is 218 of 398
Answer Stats
Hint Answer % Correct
釧路くしろ 北海道
69%
網走あばしり 北海道
68%
帯広おびひろ 北海道
68%
札幌さっぽろ 北海道
68%
京都きょうと 京都府
68%
大阪おおさか 大阪府
68%
岡山おかやま 岡山県
68%
熊本くまもと 熊本県
68%
鹿児島かごしま 鹿児島県
68%
石狩いしかり 北海道
67%
小樽おたる 北海道
67%
北見きたみ 北海道
67%
士別しべつ 北海道
67%
北秋田きたあきた 秋田県
67%
会津若松あいづわかまつ 福島県
67%
さいたま 埼玉県
67%
川崎かわさき 神奈川県
67%
佐渡さど 新潟県
67%
金沢かなざわ 石川県
67%
岐阜ぎふ 岐阜県
67%
伊勢いせ 三重県
67%
大津おおつ 滋賀県
67%
大阪狭山おおさかさやま 大阪府
67%
さかい 大阪府
67%
淡路あわじ 兵庫県
67%
神戸こうべ 兵庫県
67%
下関しものせき 山口県
67%
高知こうち 高知県
67%
北九州きたきゅうしゅう 福岡県
67%
大分おおいた 大分県
67%
沖縄おきなわ 沖縄県
67%
旭川あさひかわ 北海道
66%
青森あおもり 青森県
66%
秋田あきた 秋田県
66%
北茨城きたいばらき 茨城県
66%
宇都宮うつのみや 栃木県
66%
川口かわぐち 埼玉県
66%
国立くにたち 東京都
66%
鎌倉かまくら 神奈川県
66%
上越じょうえつ 新潟県
66%
甲府こうふ 山梨県
66%
伊豆いず 静岡県
66%
静岡しずおか 静岡県
66%
北名古屋きたなごや 愛知県
66%
吹田すいた 大阪府
66%
明石あかし 兵庫県
66%
佐賀さが 佐賀県
66%
薩摩川内さつませんだい 鹿児島県
66%
江別えべつ 北海道
65%
かすみがうら 茨城県
65%
川越かわごえ 埼玉県
65%
市川いちかわ 千葉県
65%
かしわ 千葉県
65%
木更津きさらづ 千葉県
65%
青梅おうめ 東京都
65%
小田原おだわら 神奈川県
65%
相模原さがみはら 神奈川県
65%
糸魚川いといがわ 新潟県
65%
鯖江さばえ 福井県
65%
甲州こうしゅう 山梨県
65%
熱海あたみ 静岡県
65%
伊豆いずくに 静岡県
65%
岡崎おかざき 愛知県
65%
志摩しま 三重県
65%
鈴鹿すずか 三重県
65%
和泉いずみ 大阪府
65%
くれ 広島県
65%
さぬき 香川県
65%
今治いまばり 愛媛県
65%
久留米くるめ 福岡県
65%
阿蘇あそ 熊本県
65%
石垣いしがき 沖縄県
65%
郡山こおりやま 福島県
64%
越谷こしがや 埼玉県
64%
市原いちはら 千葉県
64%
浦安うらやす 千葉県
64%
国分寺こくぶんじ 東京都
64%
海老名えびな 神奈川県
64%
珠洲すず 石川県
64%
上田うえだ 長野県
64%
諏訪すわ 長野県
64%
伊東いとう 静岡県
64%
尾張旭おわりあさひ 愛知県
64%
京丹後きょうたんご 京都府
64%
泉佐野いずみさの 大阪府
64%
岸和田きしわだ 大阪府
64%
出雲いずも 島根県
64%
倉敷くらしき 岡山県
64%
阿波あわ 徳島県
64%
伊予いよ 愛媛県
64%
四万十しまんと 高知県
64%
宜野湾ぎのわん 沖縄県
64%
芦別あしべつ 北海道
63%
男鹿おが 秋田県
63%
春日部かすかべ 埼玉県
63%
熊谷くまがや 埼玉県
63%
我孫子あびこ 千葉県
63%
甲斐かい 山梨県
63%
飯田いいだ 長野県
63%
大垣おおがき 岐阜県
63%
下呂げろ 岐阜県
63%
掛川かけがわ 静岡県
63%
近江八幡おうみはちまん 滋賀県
63%
宇治うじ 京都府
63%
京田辺きょうたなべ 京都府
63%
茨木いばらき 大阪府
63%
尼崎あまがさき 兵庫県
63%
加古川かこがわ 兵庫県
63%
かわ 和歌山県
63%
尾道おのみち 広島県
63%
佐世保させぼ 長崎県
63%
気仙沼けせんぬま 宮城県
62%
いわき 福島県
62%
喜多方きたかた 福島県
62%
君津きみつ 千葉県
62%
昭島あきしま 東京都
62%
あきる 東京都
62%
魚沼うおぬま 新潟県
62%
黒部くろべ 富山県
62%
加賀かが 石川県
62%
塩尻しおじり 長野県
62%
一宮いちのみや 愛知県
62%
小牧こまき 愛知県
62%
泉大津いずみおおつ 大阪府
62%
岩国いわくに 山口県
62%
諫早いさはや 長崎県
62%
歌志内うたしない 北海道
61%
一関いちのせき 岩手県
61%
牛久うしく 茨城県
61%
鴨川かもがわ 千葉県
61%
厚木あつぎ 神奈川県
61%
新発田しばた 新潟県
61%
小浜おばま 福井県
61%
下田しもだ 静岡県
61%
桑名くわな 三重県
61%
安芸高田あきたかた 広島県
61%
五島ごとう 長崎県
61%
指宿いぶすき 鹿児島県
61%
志布志しぶし 鹿児島県
61%
北広島きたひろしま 北海道
60%
奥州おうしゅう 岩手県
60%
足利あしかが 栃木県
60%
小山おやま 栃木県
60%
入間いるま 埼玉県
60%
佐倉さくら 千葉県
60%
安曇野あづみの 長野県
60%
佐久さく 長野県
60%
御殿場ごてんば 静岡県
60%
安城あんじょう 愛知県
60%
刈谷かりや 愛知県
60%
門真かどま 大阪府
60%
河内長野かわちながの 大阪府
60%
芦屋あしや 兵庫県
60%
橿原かしはら 奈良県
60%
宇和島うわじま 愛媛県
60%
天草あまくさ 熊本県
60%
糸満いとまん 沖縄県
60%
うるま 沖縄県
60%
岩見沢いわみざわ 北海道
59%
酒田さかた 山形県
59%
新庄しんじょう 山形県
59%
佐野さの 栃木県
59%
鴻巣こうのす 埼玉県
59%
勝浦かつうら 千葉県
59%
逗子ずし 神奈川県
59%
三条さんじょう 新潟県
59%
小松こまつ 石川県
59%
越前えちぜん 福井県
59%
大月おおつき 山梨県
59%
各務原かかみがはら 岐阜県
59%
島田しまだ 静岡県
59%
草津くさつ 滋賀県
59%
宇部うべ 山口県
59%
周南しゅうなん 山口県
59%
大牟田おおむた 福岡県
59%
唐津からつ 佐賀県
59%
上天草かみあまくさ 熊本県
59%
恵庭えにわ 北海道
58%
五所川原ごしょがわら 青森県
58%
石巻いしのまき 宮城県
58%
大館おおだて 秋田県
58%
朝霞あさか 埼玉県
58%
久喜くき 埼玉県
58%
狭山さやま 埼玉県
58%
印西いんざい 千葉県
58%
狛江こまえ 東京都
58%
柏崎かしわざき 新潟県
58%
磐田いわた 静岡県
58%
蒲郡がまごおり 愛知県
58%
伊賀いが 三重県
58%
三田さんだ 兵庫県
58%
生駒いこま 奈良県
58%
坂出さかいで 香川県
58%
四国中央しこくちゅうおう 愛媛県
58%
霧島きりしま 鹿児島県
58%
砂川すながわ 北海道
57%
久慈くじ 岩手県
57%
白河しらかわ 福島県
57%
桐生きりゅう 群馬県
57%
上尾あげお 埼玉県
57%
鎌ケ谷かまがや 千葉県
57%
小金井こがねい 東京都
57%
飯山いいやま 長野県
57%
可児かに 岐阜県
57%
犬山いぬやま 愛知県
57%
四條畷しじょうなわて 大阪府
57%
相生あいおい 兵庫県
57%
赤穂あこう 兵庫県
57%
山陽小野田さんようおのだ 山口県
57%
浦添うらそえ 沖縄県
57%
常総じょうそう 茨城県
56%
伊勢崎いせさき 群馬県
56%
渋川しぶかわ 群馬県
56%
小平こだいら 東京都
56%
射水いみず 富山県
56%
小諸こもろ 長野県
56%
御前崎おまえざき 静岡県
56%
愛西あいさい 愛知県
56%
交野かたの 大阪府
56%
洲本すもと 兵庫県
56%
境港さかいみなと 鳥取県
56%
観音寺かんおんじ 香川県
56%
奄美あまみ 鹿児島県
56%
大船渡おおふなと 岩手県
55%
北上きたかみ 岩手県
55%
塩竈しおがま 宮城県
55%
鹿嶋かしま 茨城県
55%
太田おおた 群馬県
55%
春日井かすがい 愛知県
55%
尾鷲おわせ 三重県
55%
亀岡かめおか 京都府
55%
加西かさい 兵庫県
55%
伊万里いまり 佐賀県
55%
島原しまばら 長崎県
55%
釜石かまいし 岩手県
54%
行田ぎょうだ 埼玉県
54%
大網白里おおあみしらさと 千葉県
54%
郡上ぐじょう 岐阜県
54%
御坊ごぼう 和歌山県
54%
新宮しんぐう 和歌山県
54%
飯塚いいづか 福岡県
54%
雲仙うんぜん 長崎県
54%
大村おおむら 長崎県
54%
下野しもつけ 栃木県
53%
加須かぞ 埼玉県
53%
あさひ 千葉県
53%
伊那いな 長野県
53%
湖南こなん 滋賀県
53%
阿南あなん 徳島県
53%
壱岐いき 長崎県
53%
いちき串木野くしきの 鹿児島県
53%
鹿屋かのや 鹿児島県
53%
古河こが 茨城県
52%
安中あんなか 群馬県
52%
幸手さって 埼玉県
52%
いすみ 千葉県
52%
岡谷おかや 長野県
52%
菊川きくがわ 静岡県
52%
西条さいじょう 愛媛県
52%
臼杵うすき 大分県
52%
佐伯さいき 大分県
52%
赤平あかびら 北海道
51%
神栖かみす 茨城県
51%
桶川おけがわ 埼玉県
51%
稲城いなぎ 東京都
51%
伊勢原いせはら 神奈川県
51%
駒ヶ根こまがね 長野県
51%
裾野すその 静岡県
51%
大府おおぶ 愛知県
51%
新城しんしろ 愛知県
51%
池田いけだ 大阪府
51%
貝塚かいづか 大阪府
51%
五條ごじょう 奈良県
51%
桜井さくらい 奈良県
51%
倉吉くらよし 鳥取県
51%
国東くにさき 大分県
51%
笠間かさま 茨城県
50%
坂戸さかど 埼玉県
50%
香取かとり 千葉県
50%
清瀬きよせ 東京都
50%
座間ざま 神奈川県
50%
大町おおまち 長野県
50%
清須きよす 愛知県
50%
亀山かめやま 三重県
50%
加東かとう 兵庫県
50%
宿毛すくも 高知県
50%
嬉野うれしの 佐賀県
50%
宇佐うさ 大分県
50%
姶良あいら 鹿児島県
50%
出水いずみ 鹿児島県
50%
栗原くりはら 宮城県
49%
寒河江さがえ 山形県
49%
志木しき 埼玉県
49%
綾瀬あやせ 神奈川県
49%
あわら 福井県
49%
湖西こさい 静岡県
49%
綾部あやべ 京都府
49%
川西かわにし 兵庫県
49%
下松くだまつ 山口県
49%
糸島いとしま 福岡県
49%
大野城おおのじょう 福岡県
49%
大崎おおさき 宮城県
48%
山武さんむ 千葉県
48%
坂井さかい 福井県
48%
稲沢いなざわ 愛知県
48%
甲賀こうか 滋賀県
48%
杵築きつき 大分県
48%
須賀川すかがわ 福島県
47%
阿賀野あがの 新潟県
47%
魚津うおづ 富山県
47%
恵那えな 岐阜県
47%
木津川きづがわ 京都府
47%
伊丹いたみ 兵庫県
47%
白石しろいし 宮城県
46%
鹿角かづの 秋田県
46%
上山かみのやま 山形県
46%
石岡いしおか 茨城県
46%
潮来いたこ 茨城県
46%
北本きたもと 埼玉県
46%
小千谷おぢや 新潟県
46%
大野おおの 福井県
46%
上野原うえのはら 山梨県
46%
宍粟しそう 兵庫県
46%
御所ごせ 奈良県
46%
尾花沢おばなざわ 山形県
45%
柏原かしわら 大阪府
45%
宇陀うだ 奈良県
45%
海南かいなん 和歌山県
45%
庄原しょうばら 広島県
45%
黒石くろいし 青森県
44%
大田原おおたわら 栃木県
44%
鹿沼かぬま 栃木県
44%
かほく 石川県
44%
須坂すざか 長野県
44%
あま 愛知県
44%
岩倉いわくら 愛知県
44%
雲南うんなん 島根県
44%
宇土うと 熊本県
44%
菊池きくち 熊本県
44%
さくら 栃木県
43%
勝山かつやま 福井県
43%
江南こうなん 愛知県
43%
江津ごうつ 島根県
43%
江田島えたじま 広島県
43%
須崎すさき 高知県
43%
西都さいと 宮崎県
43%
岩沼いわぬま 宮城県
42%
いなべ 三重県
42%
熊野くまの 三重県
42%
朝来あさご 兵庫県
42%
朝倉あさくら 福岡県
42%
春日かすが 福岡県
42%
宇城うき 熊本県
42%
小林こばやし 宮崎県
42%
白井しろい 千葉県
41%
城陽じょうよう 京都府
41%
葛城かつらぎ 奈良県
41%
大洲おおず 愛媛県
41%
潟上かたがみ 秋田県
40%
小美玉おみたま 茨城県
40%
下妻しもつま 茨城県
40%
小矢部おやべ 富山県
40%
井原いばら 岡山県
40%
大竹おおたけ 広島県
40%
西海さいかい 長崎県
40%
白岡しらおか 埼玉県
39%
五泉ごせん 新潟県
39%
香芝かしば 奈良県
39%
えびの 宮崎県
39%
小野おの 兵庫県
38%
大田おおだ 島根県
38%
うきは 福岡県
38%
古賀こが 福岡県
38%
阿久根あくね 鹿児島県
38%
海津かいづ 岐阜県
37%
稲敷いなしき 茨城県
36%
小松島こまつしま 徳島県
36%
香南こうなん 高知県
36%
神埼かんざき 佐賀県
36%
加茂かも 新潟県
35%
有田ありだ 和歌山県
35%
合志こうし 熊本県
35%
桜川さくらがわ 茨城県
34%
岩出いわで 和歌山県
33%
安芸あき 高知県
33%
大川おおかわ 福岡県
33%
小郡おごおり 福岡県
33%
荒尾あらお 熊本県
33%
笠岡かさおか 岡山県
32%
香美かみ 高知県
32%
角田かくだ 宮城県
31%
赤磐あかいわ 岡山県
31%
浅口あさくち 岡山県
31%
嘉麻かま 福岡県
31%
小城おぎ 佐賀県
31%
鹿島かしま 佐賀県
30%
串間くしま 宮崎県
27%
伊佐いさ 鹿児島県
25%
No matching quizzes found
Score Distribution
Percent of People with Each Score
Percentile by Number Answered
Your Score History
You have not taken this quiz